00439nam a22001337a 4500008004100000040005500041080002400096245007800120260004700198300001100245650001200256653001500268700002200283230601b |||||||| |||| 00| 0 eng d aNational Science LibrarycNational Science Library a620.91(048.1)bM3.2 aReviews of renewable energy recourse c/ Wiley Eastern Limited, Volume 2 aNew Delhi: bWiley Eastern Limited, c1984 a556p.  aEnergy  aResources  aSodha, M S (Ed.)